Central Library OPAC University of Rajshahi

A Dictionary of chromatography / (Record no. 59251)

MARC details
000 -LEADER
fixed length control field 00811nam a2200265 a 4500
001 - CONTROL NUMBER
control field 59251
003 - CONTROL NUMBER IDENTIFIER
rucl marc code BD-RjUL
005 - DATE AND TIME OF LATEST TRANSACTION
control field 20211209080717.0
008 - FIXED-LENGTH DATA ELEMENTS--GENERAL INFORMATION
fixed length control field 820331s1982 nyua bd 000 0 eng d
020 ## - INTERNATIONAL STANDARD BOOK NUMBER
International Standard Book Number 0471874779
035 ## - SYSTEM CONTROL NUMBER
System control number (BD-RjUL)59375
040 ## - CATALOGING SOURCE
Original cataloging agency DLC
Transcribing agency DLC
Modifying agency DLC
-- BD-RjUL
Language of cataloging eng
041 ## - LANGUAGE CODE
Language code of text/sound track or separate title eng
082 00 - DEWEY DECIMAL CLASSIFICATION NUMBER
Classification number 543.803
Edition number 23
Author mark and year DED 1982
100 10 - MAIN ENTRY--PERSONAL NAME
Personal name Denney, R. C.
9 (RLIN) 176233
245 12 - TITLE STATEMENT
Title A Dictionary of chromatography /
Statement of responsibility, etc. R.C. Denney.
250 ## - EDITION STATEMENT
Edition statement 2nd ed.
260 ## - PUBLICATION, DISTRIBUTION, ETC. (IMPRINT)
Place of publication, distribution, etc. New York :
Name of publisher, distributor, etc. John Wiley & Sons,
Date of publication, distribution, etc. c1982.
300 ## - PHYSICAL DESCRIPTION
Pagination [14] , 229 p. :
Illustrations ill. ;
Size 23 cm.
500 ## - GENERAL NOTE
General note "A Wiley-Interscience publication."
504 ## - BIBLIOGRAPHY, ETC. NOTE
Bibliography, etc Includes bibliographical references.
650 #0 - SUBJECT ADDED ENTRY--TOPICAL TERM
Topical term or geographic name as entry element Chromatographic analysis
General subdivision Dictionaries.
9 (RLIN) 176234
Topical term or geographic name as entry element Chromatography
General subdivision Dictionaries.
9 (RLIN) 176235
942 ## - ADDED ENTRY ELEMENTS (KOHA)
Source of classification or shelving scheme Dewey Decimal Classification
Koha item type Reference
Holdings
Lost status Source of classification or shelving scheme Damaged status Not for loan Collection code Permanent Location Current Location Shelving location Date acquired Source of acquisition Total Checkouts Full call number Date last seen Copy number Koha item type
  Dewey Decimal Classification   Not For Loan Reference Central Library, University of Rajshahi Central Library, University of Rajshahi   27/07/1987 Asia Foundation   R 543.803 DED 1982 22/12/2016 C-1 Reference